000 00228nam a2200121Ia 4500
100 _a#N/A
650 _aCompputers
942 _cBK
654 _alinux
245 _aPCQ Linux Server
260 _b#N/A
_c2006
546 _aENGLISH
999 _c21442
_d21442